| 000 | 00816nam a22002297a 4500 | ||
|---|---|---|---|
| 999 |
_c4751 _d4751 |
||
| 003 | AR-CdUCM | ||
| 008 | 190311b ||||| |||| 00| 0 spa d | ||
| 040 |
_aMUNICIPALIDAD PROVINCIAL DEL CUSCO _cBIBLIOTECA MUNICIPAL DEL CUSCO |
||
| 082 |
_a869.56 / _bA31 |
||
| 100 |
_aAguilar, Santiago _9995 |
||
| 245 | _aCoral de roca / | ||
| 260 |
_aTrujillo : _bLa élite, _c1984. |
||
| 300 |
_a45 paginas ; _c21 cm. |
||
| 440 |
_aColección mural _n1 _914704 |
||
| 505 | _aContenido : Los primeros pasos -- El aprisionamiento -- Los recuerdos sublevados -- Pulso interno -- Ofrenda de la sangre ... | ||
| 650 |
_aPoesía trujillana _912384 |
||
| 650 |
_aPoesía peruana _9806 |
||
| 650 |
_aLiteratura latinoamericana _91143 |
||
| 710 |
_aFrente de escritores de la libertad _914705 |
||
| 942 |
_2ddc _cLIBROS |
||
| 945 | _arah | ||